Biblioteca y Centro de Documentación

Vista normal Vista MARC

Entrada Nombre personal

Número de registros utilizados en: 1

001 - NÚMERO DE CONTROL

  • Campo de control: 13705

003 - IDENTIFICADOR DE NÚMERO DE CONTROL

  • Campo de control: ES-MaCES

005 - FECHA Y HORA DE LA ULTIMA MODIFICACION

  • Campo de control: 20110509094600.0

008 - ELEMENTOS DE DATOS DE LONGITUD FIJA

  • Campo de longitud fija: 060322 | azznnaabn || aaa d

035 ## - NÚMERO DE CONTROL DEL SISTEMA

  • Número de control del sistema: CES20060004666n

040 ## - FUENTE DE LA CATALOGACIÓN

  • Agencia original de catalogación: ES-MaCES
  • Idioma de catalogación: spa
  • Agencia de transcripción: ES-MaCES

100 1# - ENCABEZAMIENTO--NOMBRE DE PERSONA

  • Nombre personal: González, Adrián
  • Fechas asociadas a un nombre: 1969-

400 1# - TRAZADO VEÁSE--NOMBRE DE PERSONA

  • Nombre personal: González Mártín, Adrián
  • Fechas asociadas a un nombre: 1969-

670 ## - FUENTE DE DATOS ENCONTRADOS

  • Fuente de citación: BN
  • Información encontrada: : no confundir con González Martín, Adrían (inspector)

901 ## - CES. DATOS SIRTEX

  • ID Sirtex (N5N8): 0001500016895
  • 005BIS Sirtex: 200603221752ALORITE
© CES, Consejo Económico y Social de España 2021